Bartók-mű Szeged felkérésére ismeretlen Bartók levelek /

Elmentve itt :
Bibliográfiai részletek
Szerző: Szomjas-Schiffert György
További közreműködők: Király Kőnig Péter
Bartók Béla
Dokumentumtípus: Cikk
Megjelent: 1983
Sorozat:Tiszatáj 37 No. 1
Kulcsszavak:Zenei élet - Szeged - 20. sz.
Online Access:http://tiszataj.bibl.u-szeged.hu/12063
LEADER 00706nab a2200205 i 4500
001 tisza12063
005 20200330142814.0
008 161115s1983 hu o 0|| hun d
022 |a 0133-1167 
040 |a SZTE Tiszatáj Archívum  |b hun 
041 |a hun 
100 2 |a Szomjas-Schiffert György 
245 1 0 |a Bartók-mű Szeged felkérésére   |h [elektronikus dokumentum] :  |b ismeretlen Bartók levelek /  |c  Szomjas-Schiffert György 
260 |c 1983 
300 |a 45-53 
490 0 |a Tiszatáj  |v 37 No. 1 
695 |a Zenei élet - Szeged - 20. sz. 
700 0 2 |a Király Kőnig Péter 
700 0 2 |a Bartók Béla 
856 4 0 |u http://tiszataj.bibl.u-szeged.hu/12063/1/tiszataj_1983_001_045-053.pdf  |z Dokumentum-elérés